| 000 | 00732cam a22002534a 4500 | ||
|---|---|---|---|
| 008 | |||
| 020 | _a047121213X (pbk.) | ||
| 049 | _aMAIN | ||
| 090 |
_aHD30.28 _bECO |
||
| 245 | 1 | 0 |
_aEconomics of strategy / _cDavid Besanko... [et al.] |
| 250 | _a3rd ed. | ||
| 260 |
_aHoboken : _bWiley, _cc2004. |
||
| 300 |
_axxiv, 632 p. : _bill. ; _c27 cm. |
||
| 500 | _aIncludes index. | ||
| 504 | _aIncludes bibliographical references. | ||
| 650 | 0 |
_aStrategic planning _xEconomic aspects. |
|
| 650 | 0 | _aManagerial economics. | |
| 700 | 1 | _aBesanko, David. | |
| 907 |
_a.b10293838 _b16-04-12 _c29-03-11 |
||
| 003 | |||
| 005 | 20230123125210.0 | ||
| 040 | _cNUST | ||
| 942 |
_cBOOKS _kHD30.28 _mECO |
||
| 999 |
_c137408 _d137408 |
||